Normal view
MARC view
Entry Topical Term
001 - CONTROL NUMBER
- control field: 37470
003 - CONTROL NUMBER IDENTIFIER
- control field: ARRUPE
005 - DATE AND TIME OF LATEST TRANSACTION
- control field: 20171109094812.0
008 - FIXED-LENGTH DATA ELEMENTS
- fixed length control field: 171109|| aca||aabn | a|a d
040 ## - CATALOGING SOURCE
- Original cataloging agency: ARRUPE
- Transcribing agency: ARRUPE
150 ## - HEADING--TOPICAL TERM
- Topical term or geographic name as entry element: France
- General subdivision: Intellectual life
- Chronological subdivision: 18th century
670 ## - SOURCE DATA FOUND
- Source citation: Work cat.: (ARRUPE): Himmelfarb, Getrude 37465, The roads to modernity, 2004